000 00953cam a22002897a 4500
003 CHAP
005 20220329134330.0
008 971013s1966 r 00010 d
010 _a18891
011 _a19863
035 _a23948
040 _cCHAP
090 _aFolleto 545
100 0 0 _aDíaz Bordenave, Juan E.
_933385
245 0 _aEducación para la innovación; el papel de la comunicación en la educación agrícola superior
260 _aPiracicaba :
_bEscola Superior de Agricultura "Luiz de Queiroz",
_c1966
300 _a16 h.
590 _aBATCH-UPD
_b10
_c20130110
_lUCH01
_h1858
590 _aBATCH-UPD
_b10
_c20130410
_lUCH01
_h1227
590 _aBATCH-UPD
_b10
_c20130914
_lUCH01
_h1240
590 _aCONVERSION
_b10
_c20130109
_lUCH01
_h1311
650 1 4 _aEducación agrícola
_xCongresos.
_935504
650 1 4 _aExtensión agrícola.
_939144
901 _aBK
942 _cFOLL
949 _aFolleto 545
_bBC
_cFOLL
_d-55452
_eTS1
_i23948
_si
999 _c18891
_d18891